| 000 | 00870nam a2200217Ia 4500 | ||
|---|---|---|---|
| 003 | GCL | ||
| 005 | 20240530095653.0 | ||
| 008 | 140319s9999 xx 000 0 ara d | ||
| 040 |
_aGCL / _cGCL |
||
| 082 | 0 | 4 |
_a962.034 _bي ت |
| 100 | 1 | _aيانج، جورج | |
| 245 | 1 | 0 |
_aتاريخ مصر من عهد المماليك إلى نهاية حكم إسماعيل / _cيانج، جورج ؛ تعريب على احمد شكرى . |
| 250 | _aالثانية | ||
| 260 |
_aالقاهرة : _bمكتبة مدبولى ، _c1996 |
||
| 300 |
_a608 ص : _bصور ؛ _c24سم |
||
| 490 |
_aصفحات من تاريخ مصر _v5 |
||
| 650 | 0 | 4 | _aمصر - تاريخ - عصر المماليك ( 1250-1517 م ) |
| 650 | 0 | 4 | _aمصر - تاريخ - العصر الحديث - عصر اسماعيل ( 1863-1879 م ) |
| 700 | 1 |
_aعلى احمد شكرى _eمترجم |
|
| 942 |
_2ddc _cBK |
||
| 999 |
_c9394 _d9394 |
||